00622nam a22001697a 4500003000900000008004100009040007100050082002400121100002000145245004700165260003000212300002800242505014200270650001300412650001500425650001200440AR-CdUCM190329b ||||| |||| 00| 0 spa d aMUNICIPALIDAD PROVINCIAL DEL CUSCOcBIBLIOTECA MUNICIPAL DEL CUSCO a330.9 /bG69 / 1938 aGonnard, René aHistorias de las doctrinas económicas /  aMadrid :bAguilar,c1938. a621 páginas ;c20 cm. aContenido : Prólogo -- El mercantilismo español y el italiano -- El mercantilismo francés -- El mercantilismo anglo-holandés ...  aHistoria aEconomía aEuropea